00767nam a2200229 a 450000100060000000300080000600500170001400800410003102000320007203500190010404000370012304100080016008200370016811000360020524500950024126000230033630000330035949000290039250000320042165000550045383000290050860296BD-RjUL20211209080825.0160907s2011 bg a s f000 0 eng d a9845089305c: Complimentary a(BD-RjUL)60420 aDLCbengcDLCdDLCdBD-RjULerda aeng 223a630.95492021 bCOX 2011 (ZS) aBangladesh Bureau Of Statistics10aCensus of agriculture, 2008 :bZila series, Cox's Bazar /cBangladesh Bureau of Statistics aDhaka:bBBS,c2011 axvi, 310 p. :bIll. ;c28 cm aZila series, Cox's Bazar aChiefly statistical tables. aAgriculture zBangladeshzCox's BazarvStatistics. aZila series, Cox's Bazar